The Leatherworking handbook : A practical illustrated sourcebook of techniques and projects

Bibliographic Details
Main Author: Michael, Valerie
Format: Book
Published: London : Cassell , 1993
Subjects:

MARC

LEADER 00000cam a2200000 7i4500
001 0000002721
002 000002951
005 20000330.0
020 |a 0304341762 
090 0 0 |a 745.531   |b MIC 
100 1 |a Michael, Valerie 
245 1 4 |a The Leatherworking handbook :   |b A practical illustrated sourcebook of techniques and projects   |c Valerie Michael 
260 |a London :   |b Cassell ,   |c 1993 
300 |a 128p. :   |b ill. ;   |c 26cm. 
650 0 0 |a Leatherwork 
999 |a 036292   |b BUKU   |c PINJAMAN   |e PERPUSTAKAAN KOMUNITI PETALING JAYA